Un ANCHLUSS entre México y América Central /

Сохранить в:
Библиографические подробности
Главный автор: Loarca P, Mario R.
Формат: Текст
Предметы:
Метки: Добавить метку
Нет меток, Требуется 1-ая метка записи!

MARC

LEADER 00000 a a2200000 04500
001 3735
003
040
100 |a Loarca P, Mario R.  
245 |a Un ANCHLUSS entre México y América Central /  |c  Mario R. Loarca P 
650 |a RELACIONES INTERNACIONALES  
650 |a CREACION DE INFRAESTRUCTURAS  
773 |g número 181 -182; páginas 43-47  
999 |c 20960  |d 20960